[Event "Druga liga Srbije grupa Vojvodina 2011"]
[Site "Vrbas"]
[Date "2011.09.28"]
[Round "5.1"]
[White "Galyas, Miklos"]
[Black "Indjic, Dusan"]
[Result "1-0"]
[WhiteElo "2458"]
[BlackElo "2283"]
[PlyCount "107"]
[EventDate "2011.09.25"]

1. d4 Nf6 2. c4 c5 3. d5 g6 4. Nc3 Bg7 5. e4 O-O 6. Nf3 d6 7. h3 e6 8. Bd3 a6
9. a4 exd5 10. exd5 Re8+ 11. Be3 Bh6 12. O-O Bxe3 13. fxe3 Kg7 14. e4 b6 15.
Qd2 Nbd7 16. Rf2 Ra7 17. Raf1 Ng8 18. Ne2 f6 19. Bc2 Ne5 20. Nxe5 fxe5 21. b4
cxb4 22. Qxb4 a5 23. Qa3 Nh6 24. Qe3 Ba6 25. Bd3 Ra8 26. Ng3 Rc8 27. Rf6 Ng8
28. Rf7+ Kh8 29. Ra7 Bxc4 30. Rff7 Re7 31. Raxe7 Nxe7 32. Qh6 Qg8 33. Rxe7 Bxd3
34. Nh5 Rf8 35. Rg7 gxh5 36. Rxg8+ Kxg8 37. Qxd6 Bxe4 38. Qxe5 Bf5 39. Qd6 Rf7
40. Qxb6 Rd7 41. Qxa5 Kf7 42. Qb5 Kf6 43. a5 Rg7 44. d6 Ke6 45. a6 Be4 46. Qe2
Kd5 47. Qd2+ Ke6 48. Qe3 Kf5 49. a7 Rxg2+ 50. Kf1 Ra2 51. d7 Ra1+ 52. Ke2 Ra2+
53. Qd2 Bf3+ 54. Ke3 1-0

[Event "Druga liga Srbije grupa Vojvodina 2011"]
[Site "Vrbas"]
[Date "2011.09.28"]
[Round "5.1"]
[White "Petakov, Uros"]
[Black "Vlahovic, Bogdan"]
[Result "1/2-1/2"]
[WhiteElo "2352"]
[BlackElo "2356"]
[PlyCount "53"]
[EventDate "2011.09.25"]

1. d4 e6 2. Nd2 d5 3. e3 c5 4. Ngf3 Nc6 5. a3 cxd4 6. exd4 g6 7. Bd3 Bg7 8. c3
Nge7 9. O-O O-O 10. Re1 f6 11. b4 Nf5 12. Bb2 Re8 13. Qb3 Nce7 14. c4 Nd6 15.
Re2 dxc4 16. Nxc4 Nd5 17. Nxd6 Qxd6 18. Bc4 Bd7 19. b5 Nb6 20. Bd3 Qd5 21. Nd2
Qxb3 22. Nxb3 Na4 23. Nc5 Nxb2 24. Rxb2 Bc8 25. Rd1 b6 26. Be4 Rb8 27. Na6
1/2-1/2

[Event "Druga liga Srbije grupa Vojvodina 2011"]
[Site "Vrbas"]
[Date "2011.09.28"]
[Round "5.1"]
[White "Sekulic, Dusan"]
[Black "Stanojevic, Branko"]
[Result "0-1"]
[WhiteElo "2302"]
[BlackElo "2282"]
[PlyCount "128"]
[EventDate "2011.09.25"]

1. d4 Nf6 2. c4 e6 3. Nf3 b6 4. e3 Bb7 5. Nbd2 c5 6. Bd3 cxd4 7. exd4 Be7 8. b3
O-O 9. O-O a5 10. a3 d5 11. Qe2 Nh5 12. Qe3 Nd7 13. Bb2 Re8 14. Rac1 Rc8 15.
Rfe1 Nhf6 16. Ne5 Bd6 17. f4 Qe7 18. Ra1 g6 19. Qh3 Nh5 20. g3 f5 21. Ndf3 a4
22. c5 Bxe5 23. fxe5 bxc5 24. bxa4 c4 25. Bc2 c3 26. Bc1 Ba6 27. g4 fxg4 28.
Qxg4 Nf8 29. Bg5 Qf7 30. Rab1 Rb8 31. Rb4 Ng7 32. Kf2 Nf5 33. Reb1 Nd7 34. Qf4
Rf8 35. Bxf5 Qxf5 36. Qxf5 gxf5 37. Be7 Rfe8 38. Rg1+ Kh8 39. Bd6 Rbc8 40. Ng5
h6 41. Nf7+ Kh7 42. Rbb1 c2 43. Rbc1 Rg8 44. Bb4 Rxg1 45. Kxg1 Bd3 46. Kf2 Rg8
47. Nd6 Nb6 48. Ke3 Be4 49. a5 Nc4+ 50. Nxc4 dxc4 51. d5 Bxd5 52. Rxc2 Rg4 53.
Bc3 f4+ 54. Kd4 f3+ 55. Ke3 Rg2 56. Rf2 Kg6 57. a6 Kf5 58. a7 Rxf2 59. Kxf2 Ke4
60. Bd2 h5 61. Bg5 Kd3 62. Ke1 c3 63. a4 Kc2 64. Be3 Kb1 0-1

[Event "Druga liga Srbije grupa Vojvodina 2011"]
[Site "Vrbas"]
[Date "2011.09.28"]
[Round "5.1"]
[White "Kovacevic, Dragan"]
[Black "Mijatovic, Dejan"]
[Result "1-0"]
[WhiteElo "2236"]
[BlackElo "2276"]
[PlyCount "77"]
[EventDate "2011.09.25"]

1. e4 c5 2. Nf3 a6 3. c4 d6 4. d4 cxd4 5. Nxd4 Nf6 6. Nc3 e6 7. Be2 Be7 8. O-O
O-O 9. Be3 Qc7 10. f4 Nc6 11. Rc1 Nxd4 12. Bxd4 e5 13. Be3 exf4 14. Rxf4 Be6
15. Qe1 Nd7 16. Rf1 Bf6 17. Qd2 Be5 18. b3 Qa5 19. Bd4 Rac8 20. Rfd1 b5 21.
Bxe5 dxe5 22. Nd5 Qxd2 23. Ne7+ Kh8 24. Rxd2 Rc7 25. Nd5 Rb7 26. c5 Nf6 27.
Nxf6 gxf6 28. Rd6 Ra8 29. h3 Kg7 30. Bg4 Bxg4 31. hxg4 b4 32. Rf1 Rc8 33. c6
Rb5 34. Rfxf6 Rc5 35. g5 Rc7 36. Kh2 Kf8 37. Rd7 R7xc6 38. Rfxf7+ Ke8 39. Rxh7
1-0

[Event "Druga liga Srbije grupa Vojvodina 2011"]
[Site "Vrbas"]
[Date "2011.09.28"]
[Round "5.1"]
[White "Lalic, Dragan"]
[Black "Skoko, Milan"]
[Result "1-0"]
[WhiteElo "2308"]
[BlackElo "2218"]
[PlyCount "79"]
[EventDate "2011.09.25"]

1. e4 c5 2. d4 cxd4 3. c3 Nf6 4. e5 Nd5 5. Bc4 Nb6 6. Bb3 d6 7. Nf3 e6 8. Bg5
Be7 9. Bxe7 Qxe7 10. cxd4 Bd7 11. Nc3 d5 12. O-O Nc4 13. Bxc4 dxc4 14. Qe2 Bc6
15. Nd2 b5 16. a4 bxa4 17. Nxc4 O-O 18. Nd6 Rd8 19. Nxa4 Nd7 20. Qc2 Bd5 21.
Nc3 Nb6 22. Nxd5 Nxd5 23. Ra3 h5 24. f4 h4 25. f5 Qg5 26. Qf2 Rd7 27. Rh3 Rb8
28. Kh1 exf5 29. Nxf5 Rc8 30. Rf3 Rc1 31. Qxh4 Qxh4 32. Nxh4 Rxf1+ 33. Rxf1 Ne3
34. Ra1 Rxd4 35. Nf3 Rd3 36. Kg1 Rb3 37. Nd4 Rd3 38. Nc6 Nc4 39. b4 Rd5 40.
Ne7+ 1-0

[Event "Druga liga Srbije grupa Vojvodina 2011"]
[Site "Vrbas"]
[Date "2011.09.28"]
[Round "5.1"]
[White "Kovacevic, Djordje"]
[Black "Sevo, Dusan"]
[Result "0-1"]
[WhiteElo "2087"]
[BlackElo "2268"]
[PlyCount "106"]
[EventDate "2011.09.25"]

1. d4 g6 2. Nf3 Bg7 3. g3 Nf6 4. Bg2 O-O 5. O-O d6 6. b3 a5 7. Bb2 a4 8. Re1 c6
9. e4 Bg4 10. c4 Qa5 11. h3 Bxf3 12. Bxf3 Nfd7 13. Bc3 Qc7 14. b4 e5 15. a3 c5
16. dxc5 dxc5 17. b5 Nb6 18. Be2 Rd8 19. Qc2 N8d7 20. Bb2 Nf8 21. Nc3 Qd7 22.
Kg2 Ne6 23. Nd5 Nxd5 24. cxd5 Nd4 25. Bxd4 cxd4 26. Rec1 Bh6 27. Rcb1 Rdc8 28.
Qd1 Rc3 29. Rb4 f5 30. Bf3 Qf7 31. Ra2 Qc7 32. b6 Qd7 33. Qe1 Bf8 34. Rb1 Bd6
35. Be2 Qe7 36. Bb5 Bxa3 37. Qe2 Bc5 38. Bd3 Qf6 39. Re1 f4 40. f3 Qg5 41. g4
Qh4 42. Rd1 Qg3+ 43. Kf1 Qxh3+ 44. Qg2 Qh4 45. Ke2 a3 46. Rh1 Qe7 47. Qh3 Qd7
48. Rb1 Ra5 49. Qh4 Be7 50. Qh6 Rac5 51. Qh1 Qc8 52. Rd1 Rxd3 53. Kxd3 Rc3+ 0-1

[Event "Druga liga Srbije grupa Vojvodina 2011"]
[Site "Vrbas"]
[Date "2011.09.28"]
[Round "5.2"]
[White "Ratkovic, Milovan"]
[Black "Vuckov, Branislav"]
[Result "1-0"]
[WhiteElo "2177"]
[BlackElo "1951"]
[PlyCount "63"]
[EventDate "2011.09.25"]

1. d4 d5 2. c4 e6 3. Nc3 Nf6 4. cxd5 Nxd5 5. e4 Nb6 6. Be3 c6 7. Nf3 Be7 8. Bd3
N8d7 9. O-O O-O 10. Qc2 h6 11. Rfd1 Qc7 12. Rac1 Nf6 13. Qd2 Qd8 14. e5 Nfd5
15. Bxh6 f5 16. exf6 Bxf6 17. Bg5 Nxc3 18. bxc3 Nd5 19. Bb1 Bxg5 20. Nxg5 Nf4
21. h4 Bd7 22. g3 Nd5 23. Qc2 Nf6 24. Re1 Qe8 25. Re5 g6 26. Ne4 Nxe4 27. Qxe4
Rf6 28. Rg5 Rf5 29. Qg4 Kg7 30. h5 Rxg5 31. Qxg5 Qf7 32. Bxg6 1-0

[Event "Druga liga Srbije grupa Vojvodina 2011"]
[Site "Vrbas"]
[Date "2011.09.28"]
[Round "5.2"]
[White "Rajic, Dobrivoje"]
[Black "Ratkovic, Miloje"]
[Result "1-0"]
[WhiteElo "2120"]
[BlackElo "2135"]
[PlyCount "81"]
[EventDate "2011.09.25"]

1. e4 c6 2. d4 d5 3. Nd2 dxe4 4. Nxe4 Bf5 5. Ng3 Bg6 6. Nf3 Nf6 7. Bd3 e6 8.
O-O Be7 9. c3 Bxd3 10. Qxd3 Nbd7 11. Ne4 Nxe4 12. Qxe4 O-O 13. c4 Qa5 14. Bf4
Nf6 15. Qe5 Qxe5 16. Bxe5 Rfd8 17. Rfd1 Rac8 18. Kf1 a5 19. Bxf6 Bxf6 20. Ke2
g5 21. h3 Kg7 22. Rd3 h6 23. Rad1 b5 24. b3 bxc4 25. bxc4 Rb8 26. Ne5 Bxe5 27.
dxe5 Rxd3 28. Kxd3 Rd8+ 29. Kc2 Rxd1 30. Kxd1 Kg6 31. g4 f6 32. Kc2 fxe5 33.
Kd3 e4+ 34. Kxe4 Kf6 35. Kd4 Ke7 36. Kc5 Kd7 37. Kb6 Kd6 38. a4 c5 39. Kb5 e5
40. f3 e4 41. fxe4 1-0

[Event "Druga liga Srbije grupa Vojvodina 2011"]
[Site "Vrbas"]
[Date "2011.09.28"]
[Round "5.2"]
[White "Bucan, Vladimir"]
[Black "Nadj, Vladimir"]
[Result "1/2-1/2"]
[WhiteElo "2104"]
[BlackElo "2156"]
[PlyCount "97"]
[EventDate "2011.09.25"]

1. d4 Nf6 2. Nf3 g6 3. e3 Bg7 4. b3 O-O 5. Bb2 d6 6. Nbd2 Nbd7 7. Be2 e5 8.
dxe5 Ng4 9. O-O Ngxe5 10. Nxe5 Nxe5 11. Rb1 Re8 12. f4 Nc6 13. Bxg7 Kxg7 14. e4
f5 15. Bd3 Nb4 16. a3 Nxd3 17. cxd3 Qf6 18. Qc2 c6 19. Rbe1 Qd4+ 20. Kh1 Bd7
21. Nf3 Qf6 22. e5 Qf8 23. Qc3 Kg8 24. d4 Be6 25. b4 Bd5 26. Ng5 h6 27. Nh3 Kh7
28. Re3 Re6 29. Rfe1 Rae8 30. Kg1 Qe7 31. g3 Qd7 32. exd6 Rxe3 33. Rxe3 Rxe3
34. Qxe3 Qxd6 35. Qe5 Qd7 36. Nf2 Bc4 37. Nd1 Bb3 38. Ne3 Be6 39. Kf2 Bb3 40.
h3 Be6 41. Kf3 Bd5+ 42. Ke2 Qf7 43. g4 Be4 44. gxf5 gxf5 45. Ke1 Qb3 46. Qe7+
Kg6 47. Qe8+ Kg7 48. Qe5+ Kg6 49. Qe8+ 1/2-1/2

[Event "Druga liga Srbije grupa Vojvodina 2011"]
[Site "Vrbas"]
[Date "2011.09.28"]
[Round "5.2"]
[White "Zolotic, Zoran"]
[Black "Popov, Zoran"]
[Result "1-0"]
[WhiteElo "2238"]
[BlackElo "2113"]
[PlyCount "175"]
[EventDate "2011.09.25"]

1. Nf3 d5 2. d4 Bf5 3. c4 e6 4. Nc3 c6 5. e3 Nd7 6. Be2 Ngf6 7. O-O Be7 8. b3
O-O 9. Nh4 Ne4 10. Nxf5 Nxc3 11. Nxe7+ Qxe7 12. Qc2 Nxe2+ 13. Qxe2 f5 14. a4
Rfc8 15. Ba3 Qf6 16. Rfd1 a6 17. Bd6 h6 18. Qd2 Qd8 19. Rac1 Nf6 20. Be5 Nd7
21. Bf4 Nf6 22. Qb4 Qd7 23. h3 Rf8 24. Be5 Rf7 25. Qb6 Qd8 26. Qb4 Qe7 27. Qxe7
Rxe7 28. Bxf6 gxf6 29. b4 dxc4 30. Rxc4 Rd8 31. Rc5 f4 32. b5 axb5 33. axb5
fxe3 34. fxe3 cxb5 35. Rxb5 Rc7 36. Rdb1 Rdd7 37. R1b2 Kf7 38. Kf2 Kg6 39. Kf3
h5 40. Kf4 Re7 41. Rb6 Rcd7 42. R2b5 Rc7 43. Kf3 Rcd7 44. Rc5 Rd8 45. Kg3 Rdd7
46. Rbb5 Rh7 47. Kh4 Rd5 48. Rxd5 exd5 49. Rxd5 Re7 50. Rxh5 Rxe3 51. Rd5 b5
52. g4 Rd3 53. Rxb5 Rxd4 54. Rb3 Rd1 55. Kg3 Rg1+ 56. Kh2 Rd1 57. h4 Rc1 58.
Kg3 Rc6 59. h5+ Kh6 60. Kf4 Rc1 61. Rf3 Rc5 62. Ra3 Rc1 63. Ra8 Rf1+ 64. Ke4
Kg7 65. Ra7+ Kh6 66. Rf7 Rf2 67. Rf8 Kg7 68. Rb8 Kh6 69. Rb5 Kg7 70. Rf5 Rh2
71. Rf3 Re2+ 72. Kf4 Ra2 73. Rb3 Ra4+ 74. Kg3 Ra6 75. Rb7+ Kh6 76. Rf7 Kg5 77.
Rg7+ Kh6 78. Rg6+ Kh7 79. Kf4 Ra4+ 80. Kf5 Ra5+ 81. Kxf6 Ra6+ 82. Kg5 Rxg6+ 83.
hxg6+ Kg7 84. Kf5 Kg8 85. Kf6 Kf8 86. g7+ Kg8 87. g5 Kh7 88. g8=Q+ 1-0

[Event "Druga liga Srbije grupa Vojvodina 2011"]
[Site "Vrbas"]
[Date "2011.09.28"]
[Round "5.3"]
[White "Markovic, Milovan"]
[Black "Somborski, Nebojsa"]
[Result "0-1"]
[WhiteElo "2248"]
[BlackElo "2355"]
[PlyCount "104"]
[EventDate "2011.09.25"]

1. d4 Nf6 2. Nf3 d5 3. g3 e6 4. Bg2 Be7 5. O-O O-O 6. Nbd2 c5 7. c3 Nc6 8. e3
b6 9. Re1 Bb7 10. Qc2 Rc8 11. Qd3 Qc7 12. Qe2 Rfe8 13. dxc5 Bxc5 14. Nb3 Bf8
15. Nfd2 e5 16. e4 d4 17. Nb1 h6 18. Bd2 Qd7 19. Nc1 Rcd8 20. Nb3 Qc8 21. Qf3
Nh7 22. h4 a5 23. Bc1 a4 24. N3d2 Ba6 25. Nf1 Rd6 26. Bd2 Red8 27. Qd1 a3 28.
Qc2 axb2 29. Qxb2 Rf6 30. cxd4 Nxd4 31. Nc3 Bxf1 32. Rxf1 Rc6 33. Kh2 Nf6 34.
Rac1 Qa6 35. Qb1 Nf3+ 36. Bxf3 Rxd2 37. Kg2 Bc5 38. a4 Rcd6 39. Qb5 Qxb5 40.
axb5 Rb2 41. Rb1 Rdd2 42. Rxb2 Rxb2 43. g4 g5 44. hxg5 hxg5 45. Nd5 Kg7 46. Nc7
Kf8 47. Kg3 Ke7 48. Bg2 Kd6 49. Nd5 Rb3+ 50. Kh2 Nxg4+ 51. Kg1 Nxf2 52. Kh2 g4
0-1

[Event "Druga liga Srbije grupa Vojvodina 2011"]
[Site "Vrbas"]
[Date "2011.09.28"]
[Round "5.3"]
[White "Vukic, Radivoj"]
[Black "Pezelj, Novak"]
[Result "1-0"]
[WhiteElo "2336"]
[BlackElo "2373"]
[PlyCount "125"]
[EventDate "2011.09.25"]

1. d4 Nf6 2. Nf3 e6 3. c4 Bb4+ 4. Bd2 Qe7 5. a3 Bxd2+ 6. Qxd2 b6 7. g3 Bb7 8.
Bg2 O-O 9. Nc3 d6 10. O-O Ne4 11. Nxe4 Bxe4 12. Qe3 f5 13. Bh3 Bb7 14. d5 e5
15. Nd4 f4 16. Qe4 Nd7 17. Ne6 Rf7 18. gxf4 exf4 19. Rad1 Re8 20. Rd4 Rf6 21.
Kh1 Nf8 22. Ng5 Qxe4+ 23. Rxe4 Rxe4 24. Nxe4 Rf7 25. Kg2 h6 26. Kf3 g5 27. Bg4
Kg7 28. e3 Ng6 29. Be6 Rf8 30. Ke2 fxe3 31. Kxe3 Ne5 32. Nd2 Rf4 33. b3 Rh4 34.
h3 c6 35. Ne4 cxd5 36. cxd5 Ba6 37. Rc1 Rf4 38. Rc7+ Kg6 39. Nxd6 Bd3 40. Bf7+
Kg7 41. Re7 Rf3+ 42. Kd4 Nxf7 43. Nxf7 Kf8 44. Rxa7 Bf1 45. Ne5 Rxf2 46. Nd7+
Ke8 47. Nxb6 Bxh3 48. d6 Rd2+ 49. Ke4 Re2+ 50. Kd5 Bg2+ 51. Kc5 Rc2+ 52. Kd4 h5
53. Rh7 Rd2+ 54. Ke5 h4 55. Rh8+ Kf7 56. d7 Ke7 57. Re8+ Kf7 58. d8=Q Rxd8 59.
Rxd8 h3 60. Kf5 h2 61. Rh8 h1=Q 62. Rxh1 Bxh1 63. Kxg5 1-0

[Event "Druga liga Srbije grupa Vojvodina 2011"]
[Site "Vrbas"]
[Date "2011.09.28"]
[Round "5.3"]
[White "Vujacic, Borivoje"]
[Black "Remecki, Sinisa"]
[Result "0-1"]
[WhiteElo "2299"]
[BlackElo "2229"]
[PlyCount "104"]
[EventDate "2011.09.25"]

1. e4 c5 2. Nf3 d6 3. d4 cxd4 4. Nxd4 Nf6 5. Nc3 Nc6 6. Bg5 e6 7. Qd2 Be7 8.
O-O-O Nxd4 9. Qxd4 O-O 10. f4 Qa5 11. Bc4 a6 12. e5 dxe5 13. fxe5 Nd5 14. Ne4
Bxg5+ 15. Nxg5 h6 16. Nf3 b5 17. Bxd5 exd5 18. Kb1 Bf5 19. Qf4 Bg6 20. Nd4 Rac8
21. Rhf1 Rc4 22. Rf2 Rfc8 23. Qe3 Qc7 24. Rdd2 Re8 25. Rfe2 Be4 26. Nf3 a5 27.
b3 Rc3 28. Qd4 b4 29. Rxe4 dxe4 30. Qxe4 Qc6 31. Qxc6 Rxc6 32. Kb2 Rc5 33. a3
Rec8 34. axb4 axb4 35. Re2 Kf8 36. Ne1 Rd5 37. Nd3 Rd4 38. Re1 g5 39. Ra1 Rg4
40. g3 Re4 41. Ra6 Re2 42. Nxb4 Rxh2 43. Rf6 Kg7 44. Nc6 Re2 45. b4 Rxe5 46.
Rxf7+ Kxf7 47. Nxe5+ Ke6 48. Nd3 h5 49. Kb3 h4 50. gxh4 gxh4 51. c4 Rf8 52.
Nc5+ Ke7 0-1

[Event "Druga liga Srbije grupa Vojvodina 2011"]
[Site "Vrbas"]
[Date "2011.09.28"]
[Round "5.3"]
[White "Milovic, Nikola"]
[Black "Milojevic, Dusan"]
[Result "1/2-1/2"]
[WhiteElo "1967"]
[BlackElo "2186"]
[PlyCount "83"]
[EventDate "2011.09.25"]

1. Nf3 Nf6 2. c4 g6 3. Nc3 Bg7 4. e4 d6 5. d4 O-O 6. Be2 c6 7. O-O Nbd7 8. e5
Ne8 9. Bf4 Qa5 10. Bg5 f6 11. exf6 Ndxf6 12. d5 e5 13. dxe6 Bxe6 14. Nd4 Bf7
15. Be3 Kh8 16. Nb3 Qd8 17. Qd2 d5 18. Rad1 Nd6 19. cxd5 Nxd5 20. Nxd5 Bxd5 21.
Bd4 a5 22. Bxg7+ Kxg7 23. a3 Qf6 24. Nc5 Rf7 25. Qd4 Qxd4 26. Rxd4 Re7 27. Rd2
Rae8 28. Bd3 b5 29. b3 Re1 30. f3 R8e7 31. Kf2 Rxf1+ 32. Bxf1 Nb7 33. Nxb7 Rxb7
34. b4 axb4 35. axb4 Kf6 36. Ke3 Ke5 37. f4+ Kd6 38. Kd4 Ra7 39. Rb2 Ra1 40.
Bd3 Rh1 41. g3 Rd1 42. Kc3 1/2-1/2

[Event "Druga liga Srbije grupa Vojvodina 2011"]
[Site "Vrbas"]
[Date "2011.09.28"]
[Round "5.3"]
[White "Pezelj, Sinisa"]
[Black "Besedes, Danilo"]
[Result "1-0"]
[WhiteElo "2146"]
[BlackElo "1801"]
[PlyCount "53"]
[EventDate "2011.09.25"]

1. Nf3 d5 2. c4 e6 3. d4 Nf6 4. Nc3 Be7 5. Bg5 h6 6. Bh4 O-O 7. e3 b6 8. cxd5
Nxd5 9. Bg3 Bb7 10. Bd3 Nd7 11. O-O c5 12. Rc1 cxd4 13. exd4 Rc8 14. Bb1 Nxc3
15. bxc3 Ba3 16. Qd3 Nf6 17. Rce1 Be7 18. Bh4 g6 19. Rxe6 Ba6 20. Qxa6 fxe6 21.
Bxg6 Rc7 22. Qe2 Kg7 23. Bb1 Qe8 24. Qxe6 Qf7 25. Qf5 Kg8 26. Ne5 Qh7 27. Qe6+
1-0

[Event "Druga liga Srbije grupa Vojvodina 2011"]
[Site "Vrbas"]
[Date "2011.09.28"]
[Round "5.4"]
[White "Radlovacki, Jovan"]
[Black "Luketa, Milan"]
[Result "1-0"]
[WhiteElo "2432"]
[BlackElo "2121"]
[PlyCount "125"]
[EventDate "2011.09.25"]

1. e4 e5 2. Bc4 Bc5 3. d3 d6 4. Nc3 h6 5. Na4 Bb6 6. Nxb6 axb6 7. d4 Nc6 8. d5
Nce7 9. Be3 Nf6 10. f3 Ng6 11. Qd2 Bd7 12. O-O-O b5 13. Bb3 Ra6 14. Kb1 O-O 15.
Ne2 Ne8 16. h4 Kh7 17. g4 Nh8 18. Ng3 c5 19. dxc6 bxc6 20. g5 Be6 21. gxh6 Bxb3
22. cxb3 g6 23. f4 Qe7 24. h5 exf4 25. Bxf4 c5 26. Qd3 Rb6 27. Rd2 Qe6 28. e5
dxe5 29. Ne4 f6 30. Be3 c4 31. bxc4 bxc4 32. Qd8 Rb7 33. Ka1 Qc6 34. Qd5 Qxd5
35. Rxd5 gxh5 36. Rd8 Rbf7 37. Rc8 Nc7 38. Nxf6+ Kg6 39. Rxf8 Rxf8 40. Rg1+ Kf5
41. Nxh5 Ke4 42. Bc5 Rf7 43. a4 Ne6 44. Bb6 Nd4 45. a5 Nb3+ 46. Ka2 Kd5 47. a6
Kc6 48. a7 Rf8 49. Be3 Nc5 50. Rg7 Ra8 51. Nf6 Ne6 52. Kb1 Nf8 53. Rg8 Nhg6 54.
h7 Kb7 55. h8=Q Nxh8 56. Rxh8 Ne6 57. Rxa8 Kxa8 58. Nd7 e4 59. Nf6 Nc7 60. Nxe4
Nb5 61. Nc3 Nxc3+ 62. bxc3 Kb7 63. Ka2 1-0

[Event "Druga liga Srbije grupa Vojvodina 2011"]
[Site "Vrbas"]
[Date "2011.09.28"]
[Round "5.4"]
[White "Kracunov, Bozidar"]
[Black "Popovic, Milos T"]
[Result "0-1"]
[WhiteElo "2078"]
[BlackElo "2390"]
[PlyCount "104"]
[EventDate "2011.09.25"]

1. d4 Nf6 2. c4 e6 3. Nc3 Bb4 4. a3 Bxc3+ 5. bxc3 d6 6. f3 Nbd7 7. e4 O-O 8.
Bd3 e5 9. Ne2 Re8 10. Ng3 Nf8 11. O-O Ne6 12. f4 h6 13. Be3 c5 14. fxe5 cxd4
15. cxd4 dxe5 16. d5 Nd4 17. h3 Nd7 18. Nf5 Nxf5 19. Rxf5 Qe7 20. Qe1 Nc5 21.
Bxc5 Qxc5+ 22. Qf2 Qxf2+ 23. Rxf2 b6 24. c5 bxc5 25. Rc2 Bd7 26. Rxc5 Rec8 27.
Rac1 Rxc5 28. Rxc5 Rc8 29. Rxc8+ Bxc8 30. Bb5 Kf8 31. Kf2 Ke7 32. g4 g6 33. Kg3
f5 34. Kf3 Bb7 35. gxf5 gxf5 36. Bd3 Kd6 37. exf5 Bxd5+ 38. Be4 Bf7 39. Ke3 Ke7
40. Kf3 Bh5+ 41. Kg3 Kf6 42. Kh4 Be8 43. Kg4 Bd7 44. h4 Bxf5+ 45. Bxf5 h5+ 46.
Kxh5 Kxf5 47. Kh6 e4 48. h5 e3 49. Kg7 e2 50. h6 e1=Q 51. h7 Qe5+ 52. Kg8 Qe6+
0-1

[Event "Druga liga Srbije grupa Vojvodina 2011"]
[Site "Vrbas"]
[Date "2011.09.28"]
[Round "5.4"]
[White "Farkas, Miso"]
[Black "Miranovic, Rajko"]
[Result "1/2-1/2"]
[WhiteElo "2132"]
[BlackElo "2376"]
[PlyCount "158"]
[EventDate "2011.09.25"]

1. b4 d5 2. Bb2 Bg4 3. d4 e6 4. a3 Nf6 5. Nd2 c6 6. Ngf3 Nbd7 7. e3 Bd6 8. c4
Qe7 9. Be2 e5 10. Nxe5 Nxe5 11. dxe5 Bxe5 12. Bxe5 Qxe5 13. Bxg4 Nxg4 14. h3
Nf6 15. O-O O-O 16. Qc2 Rad8 17. Rfd1 h6 18. Nf3 Qh5 19. Rd4 dxc4 20. Qxc4 Rxd4
21. Qxd4 a6 22. Qb6 Qb5 23. Qc7 Nd5 24. Qd7 Qb6 25. Ne5 Nf6 26. Qe7 Nd5 27. Qd6
Rd8 28. Nd7 Qc7 29. Qxc7 Nxc7 30. Nc5 b6 31. Na4 b5 32. Nc5 Rd2 33. Rc1 f5 34.
g4 f4 35. e4 Ne8 36. Nxa6 Nd6 37. Nc5 Nc4 38. a4 Rb2 39. axb5 cxb5 40. Nd3 Rb3
41. Nxf4 Rxb4 42. Nd5 Rb2 43. Ra1 Nd2 44. Ra8+ Kh7 45. Re8 b4 46. e5 b3 47. e6
Rb1+ 48. Kg2 Nc4 49. e7 Re1 50. Rb8 b2 51. Rxb2 Rxe7 52. Nxe7 Nxb2 53. f4 g6
54. Kf3 Kg7 55. h4 Kf7 56. Nc6 Kf6 57. g5+ hxg5 58. hxg5+ Ke6 59. Nd4+ Kf7 60.
Ke4 Nc4 61. Nf3 Ke6 62. Ne5 Nd6+ 63. Kf3 Kf5 64. Nc6 Ke6 65. Kg4 Nf7 66. Nd4+
Kd5 67. Nf3 Ke6 68. Nh4 Nh8 69. Kf3 Nf7 70. Kg4 Nh8 71. Nf3 Nf7 72. Nd4+ Kd5
73. Nb5 Ke6 74. Nc7+ Kd6 75. Ne8+ Ke7 76. Nf6 Ke6 77. Ng8 Nd6 78. Nh6 Ne4 79.
Kf3 Nd6 1/2-1/2

[Event "Druga liga Srbije grupa Vojvodina 2011"]
[Site "Vrbas"]
[Date "2011.09.28"]
[Round "5.4"]
[White "Rogac, Srdjan"]
[Black "Tomin, Nenad"]
[Result "1-0"]
[WhiteElo "2299"]
[BlackElo "1820"]
[PlyCount "83"]
[EventDate "2011.09.25"]

1. e4 c5 2. c3 Nf6 3. e5 Nd5 4. g3 d6 5. exd6 exd6 6. Bg2 Nf6 7. Ne2 Nc6 8. O-O
Be7 9. d4 cxd4 10. Nxd4 d5 11. h3 O-O 12. Be3 Bd7 13. Nd2 Qc8 14. Kh2 Ne5 15.
Qe2 Re8 16. N4f3 Bd6 17. Rfe1 Nc4 18. Nxc4 dxc4 19. Nd2 Be6 20. Qf1 Qc7 21. Bd4
Nd7 22. Ne4 Be5 23. Rad1 Bxd4 24. Rxd4 Nc5 25. Nxc5 Qxc5 26. f4 Rab8 27. Re5
Qc8 28. f5 Bd7 29. Rxe8+ Qxe8 30. f6 g6 31. Qf4 Bc6 32. Qh6 Qf8 33. Qxf8+ Kxf8
34. Rxc4 Bxg2 35. Kxg2 Ke8 36. Re4+ Kf8 37. Re7 h5 38. g4 hxg4 39. hxg4 a6 40.
Kf3 b6 41. g5 b5 42. Ra7 1-0

[Event "Druga liga Srbije grupa Vojvodina 2011"]
[Site "Vrbas"]
[Date "2011.09.28"]
[Round "5.4"]
[White "Erski, Dragan"]
[Black "Jovic, Stevan"]
[Result "0-1"]
[WhiteElo "2167"]
[BlackElo "2292"]
[PlyCount "122"]
[EventDate "2011.09.25"]

1. e4 c6 2. d4 d5 3. Nc3 dxe4 4. Nxe4 Bf5 5. Ng3 Bg6 6. Nf3 Nf6 7. h4 h6 8. h5
Bh7 9. Bd3 Bxd3 10. Qxd3 e6 11. Bf4 c5 12. O-O-O Nc6 13. Rhe1 Qa5 14. Qb3 O-O-O
15. Bd2 Qa6 16. dxc5 Bxc5 17. Be3 Rxd1+ 18. Rxd1 Bxe3+ 19. fxe3 Qa5 20. Qc4 Nd5
21. Rd3 Rd8 22. Ra3 Qb6 23. Qe2 Qb4 24. c4 Nb6 25. Rc3 Qc5 26. a3 Na4 27. Rc2
f5 28. Kb1 Qd6 29. Nf1 Nc5 30. Rd2 Qc7 31. Rxd8+ Qxd8 32. N1d2 e5 33. e4 f4 34.
b4 Na4 35. Kc2 Nd4+ 36. Nxd4 Qxd4 37. Qd3 Qb2+ 38. Kd1 Nc3+ 39. Ke1 Qc1+ 40.
Kf2 Qxd2+ 41. Qxd2 Nxe4+ 42. Ke2 Nxd2 43. Kxd2 e4 44. Kc3 Kc7 45. Kd4 e3 46.
Kd3 Kd6 47. g3 Ke5 48. c5 a6 49. a4 fxg3 50. Kxe3 Kd5 51. Kf3 Kc4 52. Kxg3 Kxb4
53. Kf4 Kxc5 54. a5 b5 55. axb6 Kxb6 56. Kf5 a5 57. Kg6 a4 58. Kxg7 a3 59. Kxh6
a2 60. Kh7 a1=Q 61. h6 Qf6 0-1

[Event "Druga liga Srbije grupa Vojvodina 2011"]
[Site "Vrbas"]
[Date "2011.09.28"]
[Round "5.5"]
[White "Roganovic, Milos"]
[Black "Indjic, Aleksandar"]
[Result "1-0"]
[WhiteElo "2480"]
[BlackElo "2391"]
[PlyCount "63"]
[EventDate "2011.09.25"]

1. e4 g6 2. d4 Bg7 3. Nf3 d6 4. Nc3 Bg4 5. Be3 Nc6 6. Bb5 a6 7. Bxc6+ bxc6 8.
h3 Bxf3 9. Qxf3 e6 10. e5 d5 11. Na4 Ne7 12. Bg5 h6 13. Bxe7 Qxe7 14. Qc3 O-O
15. Qxc6 Qh4 16. g4 Qg5 17. Rd1 h5 18. Rg1 hxg4 19. Rxg4 Qf5 20. Rd3 f6 21. Nc5
Rae8 22. exf6 Qxf6 23. f3 Qe7 24. Re3 Rf6 25. Ke2 Kf7 26. Nxa6 Bh6 27. Rc3 e5
28. Qxd5+ Kf8 29. Rxc7 Qd8 30. Qxd8 Rxd8 31. Nc5 Rfd6 32. Nb7 1-0

[Event "Druga liga Srbije grupa Vojvodina 2011"]
[Site "Vrbas"]
[Date "2011.09.28"]
[Round "5.5"]
[White "Cerovic, Danilo"]
[Black "Sipos, Istvan"]
[Result "1/2-1/2"]
[WhiteElo "2305"]
[BlackElo "2452"]
[PlyCount "151"]
[EventDate "2011.09.25"]

1. e4 e6 2. d4 d5 3. Nc3 Bb4 4. Qd3 Ne7 5. Nge2 b6 6. Qg3 O-O 7. Bf4 Na6 8.
O-O-O Ng6 9. Bd2 dxe4 10. Nxe4 Bb7 11. f3 Bxd2+ 12. Rxd2 Qh4 13. N2c3 Qxg3 14.
hxg3 Nb4 15. Bc4 Nd5 16. Re1 Rad8 17. Bxd5 exd5 18. Nf2 Rfe8 19. Rxe8+ Rxe8 20.
Nd3 h5 21. Re2 Rxe2 22. Nxe2 Ne7 23. Ndf4 g6 24. Kd2 Nf5 25. b3 Kf8 26. g4 hxg4
27. fxg4 Nd6 28. Ke3 g5 29. Nd3 f6 30. a4 a5 31. Ng3 Bc8 32. Kf3 Kf7 33. Nf2
Bd7 34. Nf1 Ke6 35. Ne3 Be8 36. g3 c5 37. dxc5 bxc5 38. Nd3 c4 39. Nc5+ Ke5 40.
bxc4 Nxc4 41. Nxc4+ dxc4 42. c3 Kd5 43. Nb7 Bxa4 44. Nxa5 Bd1+ 45. Ke3 Bxg4 46.
Nb7 Bh5 47. Nd8 f5 48. Nb7 Be8 49. Nd8 Ke5 50. Nb7 Bc6 51. Nc5 Bb5 52. Nb7 Ba6
53. Nc5 Bc8 54. Na4 f4+ 55. gxf4+ gxf4+ 56. Kf3 Bb7+ 57. Kf2 Kd6 58. Nb6 Bd5
59. Na4 Ke5 60. Nc5 Bc6 61. Ke2 Be8 62. Kf3 Bh5+ 63. Kf2 Kd5 64. Nd7 Bd1 65.
Nb6+ Kc5 66. Nd7+ Kd6 67. Nb6 Kc5 68. Nd7+ Kb5 69. Ne5 Bh5 70. Kg2 Kc5 71. Nd7+
Kc6 72. Nf6 Bd1 73. Kf2 Kb5 74. Nd5 f3 75. Ne3 Be2 76. Kg3 1/2-1/2